000 00534nam a2200169 a 4500
005 20140310183603.0
008 120720s19uu xx 00 eng d
020 _a9789814275255
050 _aLB 1585.5
_b.P952In 2010
245 _aPrimary 3/4 science :
_bthemes: interaction and energy /
_cZhang Yong, conulting editor.
260 _a[s.l.] :
_bOutreach Edusys,
_c2010.
300 _a131 p. :
_bill. ;
_c25 cm.
500 _a+ 1 CD
650 _aScience
_xStudy and teaching (Elementary)
942 _cBK
_2lcc
_kFOR
999 _c25131
_d25131